| 000 | 00758nam a2200253Ia 4500 | ||
|---|---|---|---|
| 003 | OSt | ||
| 005 | 20220918212233.0 | ||
| 006 | a|||||r|||| 00| 0 | ||
| 007 | ta | ||
| 008 | 220917b |||||||| |||| 00| 0 eng d | ||
| 024 | _a127,908 | ||
| 037 | _cTextual | ||
| 040 |
_aARTS _cARTS _beng |
||
| 041 |
_2eng _aeng |
||
| 082 | _aX.595.M00<-J00, L6-;1 | ||
| 100 |
_aKula Witold _9123035 |
||
| 245 | 0 |
_aEconomic theory of the feudal system _b Towards a model of the polish economy 1500-1800 tr by Lawrence Garner |
|
| 260 |
_aLondon _bN L B _c1976 |
||
| 300 |
_a191p. _ccm. |
||
| 490 | _aFoundations of history library | ||
| 650 | _aECONOMICS | ||
| 942 |
_hX.595.M00<-J00, L6-;1 _cTEXL _2CC |
||
| 999 |
_c251050 _d251050 |
||